000 00618nam a22002175b 4500
003 OSt
005 20151214102640.0
008 930208s1991 sp | |||| ||spa
020 _a84-216-1477-0
040 _cBMC
082 _a862
100 1 _aCasona, Alejandro
_d1903-1965
_930717
245 1 0 _aRetablo jovial
_cAlejandro Casona ; introducción, notas y actividades de Juan Luis Suárez Granda
250 _a7ª ed
260 _aMadrid
_bBruño
_c1991
300 _a220 p.
_c19 cm
490 _aAnaquel
_v8
650 2 4 _92144
_aTeatro español
700 1 _aSuárez Granda, Juan Luis
_937641
942 _2ddc
_cBK
999 _c23968
_d23968